| 000 | 01437nam a22002417a 4500 | ||
|---|---|---|---|
| 999 |
_c58555 _d58555 |
||
| 003 | Ge_BSU | ||
| 005 | 20220602120541.0 | ||
| 008 | 220602s2019 ge ||||| |||| 00| 0 geo d | ||
| 020 | _a9789941813344 | ||
| 041 | _ageo | ||
| 080 | _a179.8 +159.972 ბ-51 | ||
| 100 |
_aბერდიაევი, ნიკოლაი _913948 |
||
| 245 |
_aსისასტიკისა და ტკივილის შესახებ ; მკვლელობა და სიკვდილით დასჯა ; დემოკრატია და პიროვნება ; დემოკრატია, სოციალიზმი და თეოკრატია ; ყოფიერება, თავისუფლება, ღმერთი / _cნიკოლაი ბერდიაევი ; რუსულიდან თარგმნა დიმიტრი უჩანეიშვილმა. |
||
| 264 |
_aთბილისი : _b აქტი, _c2019. |
||
| 300 |
_a100 გვ. ; _b19 სმ. |
||
| 501 | _aშენიშვნები: გვ. 98-100. | ||
| 653 | _aრუსული ფილოსოფია. | ||
| 653 | _aდემოკრატია. | ||
| 653 | _aთავისუფლება. | ||
| 653 | _aპიროვნება. | ||
| 700 |
_aუჩანეიშვილი, დიმიტრი _eმთარგმნელი _913895 |
||
| 942 |
_2udc _cBK |
||